00357nam a22001337a 450000500170000002000190001703500230003603700130005910000180007224500580009025000120014826000410016030000220020120180710170524.0 a8170999839c00 aB-160902, B-160900 aDPLbENG aChadha, D. S. aClassroom teaching and management /cby D. S. Chadha a1st ed. aNew DelhibMittal Publicationsc2004 av, 175p.c20 cms.